[Event "British Chess Championship 2010"]
[Site "Canterbury ENG"]
[Date "2010.07.28"]
[Round "3.21"]
[White "Brown, Martin"]
[Black "Anderson, John"]
[Result "1/2-1/2"]
[WhiteElo "2093"]
[BlackElo "2208"]
[PlyCount "98"]
[EventDate "2010.07.27"]
[EventType "swiss"]
[EventRounds "11"]
[EventCountry "ENG"]
[Source "lmi"]
[SourceDate "2010.07.25"]

1. e4 c5 2. Nf3 d6 3. d4 cxd4 4. Nxd4 Nf6 5. Nc3 Nc6 6. Bg5 e6 7. Qd2 a6 8.
O-O-O Bd7 9. f4 Be7 10. Nf3 b5 11. e5 b4 12. exf6 bxc3 13. Qxc3 gxf6 14. Bh6 d5
15. a3 Rc8 16. Qd3 Qc7 17. Ne1 Na5 18. Bg7 Bb5 19. Qh3 Qxf4+ 20. Kb1 Rg8 21.
Bxb5+ axb5 22. Bh6 Qg4 23. Qd3 Nc4 24. Nf3 Qg6 25. Bf4 Bd6 26. Bxd6 Qxd3 27.
Rxd3 Nxd6 28. g3 Rg4 29. c3 Re4 30. Rf1 Re2 31. Rd2 Rxd2 32. Nxd2 Ke7 33. Nf3
e5 34. Re1 Ne4 35. Kc2 Ke6 36. Rd1 Ng5 37. Nd2 e4 38. h4 Nh3 39. Nb3 Ke5 40.
Nd4 Rg8 41. Rf1 Rxg3 42. Rf5+ Kd6 43. Nxb5+ Ke7 44. Rxd5 e3 45. Rf5 e2 46. Kd2
Re3 47. Ke1 Re4 48. Rf3 Nf4 49. Rg3 Nh5 1/2-1/2

[Event "British Chess Championship 2010"]
[Site "Canterbury ENG"]
[Date "2010.07.28"]
[Round "3.22"]
[White "Adair, James"]
[Black "Jones, William E G"]
[Result "1/2-1/2"]
[WhiteElo "2205"]
[BlackElo "2091"]
[PlyCount "43"]
[EventDate "2010.07.27"]
[EventType "swiss"]
[EventRounds "11"]
[EventCountry "ENG"]
[Source "lmi"]
[SourceDate "2010.07.25"]

1. e4 c5 2. Nf3 d6 3. d4 cxd4 4. Nxd4 Nf6 5. Nc3 a6 6. h3 e6 7. g4 b5 8. Bg2
Bb7 9. O-O Nfd7 10. f4 Be7 11. Be3 O-O 12. Qd2 Nb6 13. b3 N8d7 14. a4 bxa4 15.
Nxa4 Nxa4 16. bxa4 Rc8 17. Bf2 Nc5 18. Rfe1 d5 19. exd5 Bxd5 20. Bxd5 Qxd5 21.
Qe2 Bf6 22. Rad1 1/2-1/2

[Event "British Chess Championship 2010"]
[Site "Canterbury ENG"]
[Date "2010.07.28"]
[Round "3.23"]
[White "Grant, David J"]
[Black "Sugden, John N"]
[Result "1/2-1/2"]
[WhiteElo "2082"]
[BlackElo "2199"]
[PlyCount "57"]
[EventDate "2010.07.27"]
[EventType "swiss"]
[EventRounds "11"]
[EventCountry "ENG"]
[Source "lmi"]
[SourceDate "2010.07.25"]

1. d4 Nf6 2. c4 c5 3. d5 e5 4. Nc3 d6 5. e4 Be7 6. Bd3 O-O 7. h3 Ne8 8. g4 Bg5
9. Nf3 Bxc1 10. Qxc1 Nc7 11. Qe3 Re8 12. Kd2 Nd7 13. g5 Nf8 14. h4 Bd7 15. a4
b6 16. Rag1 a6 17. h5 g6 18. hxg6 hxg6 19. Nh4 b5 20. f4 exf4 21. Qxf4 Qe7 22.
axb5 axb5 23. cxb5 Rab8 24. e5 Qxe5 25. Qxe5 Rxe5 26. Ne4 Bxb5 27. Nf6+ Kg7 28.
Nf3 Re7 29. Rh6 1/2-1/2

[Event "British Chess Championship 2010"]
[Site "Canterbury ENG"]
[Date "2010.07.28"]
[Round "3.24"]
[White "Haydon, David L"]
[Black "Freeman, Richard C P"]
[Result "1-0"]
[WhiteElo "2187"]
[BlackElo "2056"]
[PlyCount "69"]
[EventDate "2010.07.27"]
[EventType "swiss"]
[EventRounds "11"]
[EventCountry "ENG"]
[Source "lmi"]
[SourceDate "2010.07.25"]

1. e4 c5 2. Nf3 g6 3. c3 Bg7 4. d4 cxd4 5. cxd4 d5 6. e5 Bg4 7. Nc3 Nc6 8. Be3
e6 9. h3 Bxf3 10. Qxf3 f6 11. exf6 Qxf6 12. Qxf6 Nxf6 13. O-O-O O-O 14. Kb1
Rac8 15. Be2 Na5 16. Rhe1 Nc4 17. Bf3 Nxe3 18. fxe3 Rfd8 19. Rd3 Kf7 20. e4
dxe4 21. Bxe4 Rc4 22. Bxb7 Rcxd4 23. Rf3 Rb8 24. Bc6 Rb6 25. Ba4 Rd2 26. Bb3
Rxg2 27. Rfe3 Nd5 28. Nxd5 Rxb2+ 29. Kc1 Rc6+ 30. Kd1 Rd6 31. Rf3+ Kg8 32. Rxe6
Rb1+ 33. Kc2 Rb2+ 34. Kc1 Rd8 35. Nc3 1-0

[Event "British Chess Championship 2010"]
[Site "Canterbury ENG"]
[Date "2010.07.28"]
[Round "3.25"]
[White "Rich, Mark C"]
[Black "Bucher, Grant W"]
[Result "1-0"]
[WhiteElo "2166"]
[BlackElo "2012"]
[PlyCount "55"]
[EventDate "2010.07.27"]
[EventType "swiss"]
[EventRounds "11"]
[EventCountry "ENG"]
[Source "lmi"]
[SourceDate "2010.07.25"]

1. e4 e5 2. Nf3 Nc6 3. d4 exd4 4. Bc4 Nf6 5. e5 d5 6. Bb5 Ne4 7. Nxd4 Bd7 8.
Bxc6 bxc6 9. O-O Bc5 10. f3 Ng5 11. f4 Ne4 12. Be3 Qe7 13. Nd2 Nxd2 14. Qxd2
O-O 15. Rae1 Rfb8 16. f5 Bxd4 17. Bxd4 c5 18. f6 Qf8 19. fxg7 Qe7 20. Be3 Be6
21. Bg5 Qd7 22. Bf6 Rxb2 23. Rf4 Rab8 24. Re3 d4 25. Ra3 R8b7 26. Qd3 Rb1+ 27.
Kf2 Rc1 28. Qxh7+ 1-0

[Event "British Chess Championship 2010"]
[Site "Canterbury ENG"]
[Date "2010.07.28"]
[Round "3.26"]
[White "Van Kemenade, Rudy"]
[Black "Salimbeni, George P W"]
[Result "0-1"]
[WhiteElo "1995"]
[BlackElo "2164"]
[PlyCount "92"]
[EventDate "2010.07.27"]
[EventType "swiss"]
[EventRounds "11"]
[EventCountry "ENG"]
[Source "lmi"]
[SourceDate "2010.07.25"]

1. e4 e5 2. Nf3 Nc6 3. Bb5 a6 4. Ba4 Nf6 5. O-O Be7 6. Bxc6 dxc6 7. Nc3 Nd7 8.
d4 exd4 9. Qxd4 O-O 10. Bf4 Nc5 11. Qe3 Ne6 12. Rad1 Qe8 13. Bg3 Bc5 14. Qe2 b5
15. Ne5 Nd4 16. Qd2 Bb6 17. Ne2 c5 18. c3 Nxe2+ 19. Qxe2 Be6 20. b3 c4 21. b4
a5 22. a3 axb4 23. axb4 Ra3 24. Qc2 c5 25. Rd6 Bc7 26. bxc5 Bxd6 27. cxd6 Qa8
28. h3 f6 29. Nf3 Qa5 30. Rc1 Ra2 31. Qb1 Ra8 32. Nd4 Bd7 33. e5 fxe5 34. Bxe5
b4 35. Qe4 Re8 36. Nf3 Qc5 37. Kh2 Bc6 38. d7 Bxd7 39. cxb4 Qxf2 40. Qxc4+ Be6
41. Qf1 Qxf1 42. Rxf1 Bd5 43. Bd6 Ree2 44. Ne1 Rxg2+ 45. Nxg2 Rxg2+ 46. Kh1
Rg6+ 0-1

[Event "British Chess Championship 2010"]
[Site "Canterbury ENG"]
[Date "2010.07.28"]
[Round "3.27"]
[White "Sathyanandha, Saravanan"]
[Black "Jaunooby, Ali R"]
[Result "0-1"]
[WhiteElo "1986"]
[BlackElo "2155"]
[PlyCount "58"]
[EventDate "2010.07.27"]
[EventType "swiss"]
[EventRounds "11"]
[EventCountry "ENG"]
[Source "lmi"]
[SourceDate "2010.07.25"]

1. e4 g6 2. d4 Bg7 3. Nc3 d6 4. Be3 a6 5. Qd2 b5 6. a4 b4 7. Nd1 a5 8. c3 Nf6
9. f3 Na6 10. Bb5+ Nd7 11. Ne2 c5 12. dxc5 Naxc5 13. Bxc5 dxc5 14. Qd5 Rb8 15.
Qxc5 Ba6 16. Qd5 Bxb5 17. axb5 Qb6 18. Nf2 e6 19. Qc6 Qxb5 20. Qxb5 Rxb5 21.
Nd4 Rc5 22. Nd3 bxc3 23. Nxc5 cxb2 24. Rd1 Nxc5 25. Nc6 O-O 26. Nxa5 Bc3+ 27.
Ke2 Bxa5 28. Rd6 Na4 29. Ra6 Rc8 0-1

[Event "British Chess Championship 2010"]
[Site "Canterbury ENG"]
[Date "2010.07.28"]
[Round "3.28"]
[White "Padilla Cabero, Pablo"]
[Black "Cumming, Rhys"]
[Result "1-0"]
[WhiteElo "2149"]
[BlackElo "1986"]
[PlyCount "63"]
[EventDate "2010.07.27"]
[EventType "swiss"]
[EventRounds "11"]
[EventCountry "ENG"]
[Source "lmi"]
[SourceDate "2010.07.25"]

1. e4 e6 2. d4 d5 3. e5 c5 4. c3 Nc6 5. Ne2 cxd4 6. cxd4 Nge7 7. g3 Nf5 8. Bh3
Qb6 9. Bxf5 exf5 10. O-O Be6 11. Nbc3 Be7 12. h4 O-O 13. Bg5 f6 14. Na4 Qd8 15.
exf6 Bxf6 16. Nc5 Bc8 17. Nf4 Nxd4 18. Re1 Qa5 19. b4 Qxb4 20. Nfd3 Qb5 21.
Bxf6 Rxf6 22. Rb1 Qc6 23. Rc1 Qd6 24. Nf4 Nc6 25. Nxd5 Rh6 26. Qb3 Be6 27. Nxe6
Rxe6 28. Nf4 Nd4 29. Qc4 Nf3+ 30. Kh1 Nxe1 31. Nxe6 Nd3 32. Ng5+ 1-0

[Event "British Chess Championship 2010"]
[Site "Canterbury ENG"]
[Date "2010.07.28"]
[Round "3.29"]
[White "Messam-Sparks, Lateefah"]
[Black "Almond, Richard J"]
[Result "1/2-1/2"]
[WhiteElo "1904"]
[BlackElo "2148"]
[PlyCount "71"]
[EventDate "2010.07.27"]
[EventType "swiss"]
[EventRounds "11"]
[EventCountry "ENG"]
[Source "lmi"]
[SourceDate "2010.07.25"]

1. d4 d5 2. c4 e6 3. Nc3 Nf6 4. cxd5 exd5 5. Bg5 Be7 6. e3 O-O 7. Qc2 Nbd7 8.
Bd3 c6 9. Nge2 Re8 10. O-O Nf8 11. Rad1 Nh5 12. Bxe7 Qxe7 13. Bf5 Nf6 14. Bxc8
Raxc8 15. Ng3 g6 16. Rfe1 Rcd8 17. Qe2 Ne6 18. Qf3 Ng5 19. Qe2 Nge4 20. Ngxe4
Nxe4 21. Nxe4 Qxe4 22. Qd3 f5 23. Kf1 Rd7 24. f4 g5 25. Qxe4 Rxe4 26. g3 h6 27.
Kf2 Kf7 28. Rc1 Re6 29. Rg1 Rde7 30. Rge1 Rg6 31. Rg1 Ke6 32. h4 Rg8 33. hxg5
hxg5 34. Rh1 Kd7 35. fxg5 Rxg5 36. Rh3 1/2-1/2

[Event "British Chess Championship 2010"]
[Site "Canterbury ENG"]
[Date "2010.07.28"]
[Round "3.30"]
[White "Williams, Peter A"]
[Black "Senior, Gary"]
[Result "1/2-1/2"]
[WhiteElo "2145"]
[BlackElo "2069"]
[PlyCount "66"]
[EventDate "2010.07.27"]
[EventType "swiss"]
[EventRounds "11"]
[EventCountry "ENG"]
[Source "lmi"]
[SourceDate "2010.07.25"]

1. f4 d5 2. Nf3 Nf6 3. g3 g6 4. Bg2 Bg7 5. O-O O-O 6. d3 b6 7. h3 Bb7 8. Qe1
Nfd7 9. c3 e5 10. fxe5 Nxe5 11. Nxe5 Bxe5 12. Bh6 Bg7 13. Bxg7 Kxg7 14. Nd2 Qd6
15. e4 Nd7 16. Qf2 dxe4 17. Nxe4 Bxe4 18. Bxe4 Rae8 19. Bg2 f5 20. Qf4 Qxf4 21.
Rxf4 Nc5 22. Rc4 Re7 23. Rd1 Rd8 24. Bf1 Rd6 25. b4 Na4 26. Rc1 g5 27. b5 Nc5
28. Rd1 Kf6 29. Kf2 Rde6 30. Rd2 Rd6 31. Rd1 a5 32. bxa6 Nxa6 33. a4 h6 1/2-1/2

[Event "British Chess Championship 2010"]
[Site "Canterbury ENG"]
[Date "2010.07.28"]
[Round "3.31"]
[White "Jameson, David"]
[Black "Chapman, Terry P D"]
[Result "0-1"]
[WhiteElo "2047"]
[BlackElo "2251"]
[PlyCount "39"]
[EventDate "2010.07.27"]
[EventType "swiss"]
[EventRounds "11"]
[EventCountry "ENG"]
[Source "lmi"]
[SourceDate "2010.07.25"]

1. c4 Nf6 2. Nf3 c5 3. Nc3 g6 4. e4 Nc6 5. d4 cxd4 6. Nxd4 d6 7. Be2 Nxd4 8.
Qxd4 Bg7 9. O-O O-O 10. Qd1 Be6 11. Bd2 a6 12. Rc1 Rb8 13. Be3 Qa5 14. a4 Rfc8
15. b3 Nd7 16. Nd5 Bxd5 17. Qxd5 Nc5 18. Bxc5 dxc5 19. Rfd1 e6 20. Qd2 0-1

[Event "British Chess Championship 2010"]
[Site "Canterbury ENG"]
[Date "2010.07.28"]
[Round "3.32"]
[White "Addison, Bret C"]
[Black "Dines, Sheila J"]
[Result "1-0"]
[WhiteElo "2235"]
[BlackElo "1931"]
[PlyCount "61"]
[EventDate "2010.07.27"]
[EventType "swiss"]
[EventRounds "11"]
[EventCountry "ENG"]
[Source "lmi"]
[SourceDate "2010.07.25"]

1. d4 d5 2. c4 e6 3. Nc3 Be7 4. cxd5 exd5 5. Bf4 c6 6. e3 Bd6 7. Bxd6 Qxd6 8.
Bd3 Ne7 9. Qc2 b6 10. Nf3 Ba6 11. Bxa6 Nxa6 12. O-O f5 13. a3 O-O 14. b4 Nc7
15. Ne5 a5 16. bxa5 Rxa5 17. a4 Ng6 18. f4 c5 19. Rab1 c4 20. Rb2 Ne7 21. Rfb1
Rb8 22. h3 g6 23. g4 Ra6 24. Kh2 Kf8 25. Qf2 Kg7 26. Rg1 Ra5 27. Qc2 Kf8 28.
Rgb1 Kg7 29. Kg3 Rb7 30. g5 Nc6 31. Rxb6 1-0

[Event "British Chess Championship 2010"]
[Site "Canterbury ENG"]
[Date "2010.07.28"]
[Round "3.33"]
[White "Combie, Alex B"]
[Black "Ledger, Dave J"]
[Result "0-1"]
[WhiteElo "2018"]
[BlackElo "2233"]
[PlyCount "112"]
[EventDate "2010.07.27"]
[EventType "swiss"]
[EventRounds "11"]
[EventCountry "ENG"]
[Source "lmi"]
[SourceDate "2010.07.25"]

1. d4 Nf6 2. c4 g6 3. Nc3 Bg7 4. e4 d6 5. Nf3 O-O 6. Be2 e5 7. d5 a5 8. Bg5 h6
9. Bh4 Na6 10. Nd2 Qe8 11. O-O Nh7 12. a3 Bd7 13. Kh1 h5 14. f3 Bh6 15. b3 Nc5
16. Rb1 Be3 17. Qc2 f5 18. exf5 Bxf5 19. Nde4 g5 20. Bf2 Bxf2 21. Rxf2 Qg6 22.
Bd3 Nxd3 23. Qxd3 Nf6 24. Re1 Kg7 25. Qe3 Bxe4 26. Nxe4 Nxe4 27. Qxe4 Rf4 28.
Qxg6+ Kxg6 29. Re4 Raf8 30. Kg1 Rxe4 31. fxe4 Rf4 32. Re2 g4 33. Re3 Kg5 34. g3
Rf8 35. Rc3 b6 36. Kg2 h4 37. Re3 h3+ 38. Kg1 Kf6 39. Re2 Ke7 40. Rf2 Rb8 41.
Rf5 b5 42. cxb5 Rxb5 43. Rg5 Rxb3 44. Rxg4 Rxa3 45. Rh4 Ra1+ 46. Kf2 a4 47.
Rxh3 a3 48. Rh7+ Kf6 49. Rxc7 a2 50. Ra7 Rh1 51. Kg2 a1=Q 52. Rxa1 Rxa1 53. h4
Ra3 54. Kf2 Kg6 55. g4 Rh3 56. h5+ Kg5 0-1

[Event "British Chess Championship 2010"]
[Site "Canterbury ENG"]
[Date "2010.07.28"]
[Round "3.34"]
[White "Helbig, Paul D"]
[Black "Tambini, Jasper"]
[Result "1/2-1/2"]
[WhiteElo "2160"]
[BlackElo "1890"]
[PlyCount "30"]
[EventDate "2010.07.27"]
[EventType "swiss"]
[EventRounds "11"]
[EventCountry "ENG"]
[Source "lmi"]
[SourceDate "2010.07.25"]

1. e4 e5 2. f4 exf4 3. Nf3 g5 4. h4 g4 5. Ne5 Nf6 6. Bc4 d5 7. exd5 Bd6 8. d4
Nbd7 9. Bxf4 Nb6 10. Bb5+ Kf8 11. Bh6+ Kg8 12. Nc3 Nfxd5 13. Nxd5 Nxd5 14. Be2
Bb4+ 15. Bd2 Ne3 1/2-1/2

[Event "British Chess Championship 2010"]
[Site "Canterbury ENG"]
[Date "2010.07.28"]
[Round "3.35"]
[White "Krzyzanowski, Patryk"]
[Black "Goodger, Martyn"]
[Result "0-1"]
[WhiteElo "2030"]
[BlackElo "2123"]
[PlyCount "80"]
[EventDate "2010.07.27"]
[EventType "swiss"]
[EventRounds "11"]
[EventCountry "ENG"]
[Source "lmi"]
[SourceDate "2010.07.25"]

1. d4 f5 2. Nf3 Nf6 3. Bg5 e6 4. Nbd2 Be7 5. Bxf6 Bxf6 6. e4 d5 7. e5 Be7 8.
Bd3 O-O 9. O-O c5 10. c3 b6 11. Qe2 Nc6 12. Kh1 Qe8 13. Bb5 Bd7 14. Rfe1 Nd8
15. Bd3 Qh5 16. Nf1 g5 17. Ng3 Qh6 18. Ng1 Be8 19. f3 Kh8 20. Qd2 c4 21. Bc2
Qg7 22. b3 f4 23. Nf1 cxb3 24. axb3 Bg6 25. c4 dxc4 26. bxc4 Bxc2 27. Qxc2 Nc6
28. Qe4 Nb4 29. d5 Bc5 30. Nh3 a5 31. Re2 Rfd8 32. Rd1 a4 33. Red2 Ra7 34. dxe6
Rxd2 35. Rxd2 Qe7 36. Qf5 a3 37. Rd7 Rxd7 38. exd7 a2 39. Nxg5 Nc6 40. Nxh7
a1=Q 0-1

[Event "British Chess Championship 2010"]
[Site "Canterbury ENG"]
[Date "2010.07.28"]
[Round "3.36"]
[White "Eames, Robert S"]
[Black "Mayhew, Andrew"]
[Result "1-0"]
[WhiteElo "2287"]
[BlackElo "2085"]
[PlyCount "75"]
[EventDate "2010.07.27"]
[EventType "swiss"]
[EventRounds "11"]
[EventCountry "ENG"]
[Source "lmi"]
[SourceDate "2010.07.25"]

1. e4 c5 2. Nf3 d6 3. d4 cxd4 4. Nxd4 Nf6 5. Nc3 a6 6. f3 e5 7. Nb3 Be6 8. Be3
h5 9. Qd2 Nbd7 10. O-O-O b5 11. Qf2 Rc8 12. Nd5 Bxd5 13. exd5 g6 14. Be2 Qc7
15. c3 b4 16. c4 a5 17. Kb1 a4 18. Nc1 a3 19. b3 Bg7 20. Rd2 O-O 21. h3 e4 22.
f4 Nc5 23. Rc2 Qe7 24. Rd1 Rfe8 25. g4 hxg4 26. hxg4 Nd3 27. Qh4 Qc7 28. Rdd2
Nd7 29. f5 Qd8 30. Bg5 Bf6 31. fxg6 fxg6 32. Bxf6 Qxf6 33. g5 Qg7 34. Bg4 N7e5
35. Bxc8 Nf3 36. Qg4 Nxc1 37. Be6+ Kf8 38. Rf2 1-0

[Event "British Chess Championship 2010"]
[Site "Canterbury ENG"]
[Date "2010.07.28"]
[Round "3.37"]
[White "McCullough, Simon L"]
[Black "Spence, David J"]
[Result "1/2-1/2"]
[WhiteElo "2030"]
[BlackElo "2244"]
[PlyCount "76"]
[EventDate "2010.07.27"]
[EventType "swiss"]
[EventRounds "11"]
[EventCountry "ENG"]
[Source "lmi"]
[SourceDate "2010.07.25"]

1. e4 e6 2. b3 d5 3. Bb2 dxe4 4. Nc3 Nf6 5. Qe2 Bd7 6. Nxe4 Be7 7. O-O-O Bc6 8.
Nxf6+ Bxf6 9. d4 O-O 10. f4 a5 11. Nf3 a4 12. g4 axb3 13. axb3 Qd5 14. Bg2 Qa5
15. g5 Be7 16. Ne5 Ba3 17. Nc4 Bxb2+ 18. Kxb2 Qa2+ 19. Kc3 Bxg2 20. Qxg2 Qa7
21. Ra1 Na6 22. Ra5 Rfd8 23. Rd1 c6 24. f5 b5 25. g6 hxg6 26. fxg6 bxc4 27. Qh3
fxg6 28. Rxa6 Qd7 29. Rxa8 Rxa8 30. Re1 Re8 31. bxc4 Qa7 32. Qe3 Qa5+ 33. Kd3
Qh5 34. Qe5 Qh3+ 35. Re3 Qf1+ 36. Kc3 Qa1+ 37. Kd3 Qf1+ 38. Kc3 Qa1+ 1/2-1/2

[Event "British Chess Championship 2010"]
[Site "Canterbury ENG"]
[Date "2010.07.28"]
[Round "3.38"]
[White "Maciol, Ryszard"]
[Black "Fegan, Chris"]
[Result "1-0"]
[WhiteElo "2239"]
[BlackElo "2051"]
[PlyCount "61"]
[EventDate "2010.07.27"]
[EventType "swiss"]
[EventRounds "11"]
[EventCountry "ENG"]
[Source "lmi"]
[SourceDate "2010.07.25"]

1. d4 e6 2. c4 f5 3. g3 Nf6 4. Bg2 Be7 5. Nf3 O-O 6. O-O d6 7. b4 a5 8. b5 Qe8
9. Qc2 Ne4 10. Nbd2 d5 11. a4 Nd7 12. cxd5 exd5 13. Qxc7 Bd6 14. Qc2 Ndf6 15.
Ba3 f4 16. Nxe4 Nxe4 17. Bxd6 Nxd6 18. Qc5 Nf7 19. Qxd5 Qxe2 20. Rfe1 Qc2 21.
Ng5 Qg6 22. Nxf7 Qxf7 23. Re7 Qxd5 24. Bxd5+ Kh8 25. Rae1 fxg3 26. hxg3 Bf5 27.
Bxb7 Rad8 28. d5 Bc2 29. Bc6 Bxa4 30. Re8 Kg8 31. b6 1-0

[Event "British Chess Championship 2010"]
[Site "Canterbury ENG"]
[Date "2010.07.28"]
[Round "3.39"]
[White "Doran, Chris"]
[Black "Ynojosa-Aponte, Felix Jose"]
[Result "0-1"]
[WhiteElo "1997"]
[BlackElo "2224"]
[PlyCount "92"]
[EventDate "2010.07.27"]
[EventType "swiss"]
[EventRounds "11"]
[EventCountry "ENG"]
[Source "lmi"]
[SourceDate "2010.07.25"]

1. e4 c5 2. Nf3 Nc6 3. d4 cxd4 4. Nxd4 e5 5. Nb5 d6 6. N1c3 a6 7. Na3 b5 8. Nd5
Nce7 9. c4 Nxd5 10. exd5 bxc4 11. Nxc4 Nf6 12. Be3 Rb8 13. a4 Ng4 14. Be2 Nxe3
15. fxe3 Qh4+ 16. g3 Qh6 17. O-O Be7 18. Rb1 O-O 19. e4 Qg6 20. Bd3 Bh3 21. Rf2
h5 22. Qf3 Rb3 23. Na5 Bg4 24. Nxb3 Bxf3 25. Rxf3 Qg4 26. Kg2 Qd7 27. Ra1 Qb7
28. Ra3 f5 29. exf5 Qxd5 30. Nd2 Qa5 31. Nc4 Qb4 32. f6 Rxf6 33. Rb3 Qc5 34.
Rxf6 gxf6 35. Ne3 Qc6+ 36. Kh3 d5 37. Rc3 Qe6+ 38. Bf5 Qd6 39. Rc8+ Bf8 40. Kh4
Qb6 41. Nc2 Qf2 42. Be6+ Kg7 43. h3 Qd2 44. g4 hxg4 45. Bxg4 Qg5+ 46. Kg3 f5
0-1

[Event "British Chess Championship 2010"]
[Site "Canterbury ENG"]
[Date "2010.07.29"]
[Round "4.2"]
[White "Hawkins, Jonathan"]
[Black "Conquest, Stuart C"]
[Result "1/2-1/2"]
[WhiteElo "2423"]
[BlackElo "2523"]
[PlyCount "72"]
[EventDate "2010.07.27"]
[EventType "swiss"]
[EventRounds "11"]
[EventCountry "ENG"]
[Source "lmi"]
[SourceDate "2010.07.25"]

1. d4 Nf6 2. c4 e6 3. Nc3 Bb4 4. f3 O-O 5. e4 d5 6. e5 Nfd7 7. cxd5 exd5 8. f4
c5 9. a3 Ba5 10. Be3 cxd4 11. Bxd4 Nc6 12. Nf3 Nxd4 13. Qxd4 Bb6 14. Qxd5 Nc5
15. b4 Ne6 16. Rd1 Qe7 17. Qe4 Nc7 18. Ng5 g6 19. Bc4 Kg7 20. Rd6 Ne8 21. Rd2
Bf5 22. Qf3 Qc7 23. Be2 h6 24. Nge4 Rd8 25. Nd5 Qc1+ 26. Rd1 Qc6 27. Nec3 Nc7
28. Nxc7 Rxd1+ 29. Bxd1 Qxc7 30. Nd5 Qc4 31. Nxb6 axb6 32. Qe3 Rd8 33. Be2 Bd3
34. Bf3 Bf5 35. Be2 Bd3 36. Bf3 Bf5 1/2-1/2

[Event "British Chess Championship 2010"]
[Site "Canterbury ENG"]
[Date "2010.07.29"]
[Round "4.3"]
[White "Hunt, Adam C"]
[Black "Wells, Peter K"]
[Result "1-0"]
[WhiteElo "2408"]
[BlackElo "2488"]
[PlyCount "67"]
[EventDate "2010.07.27"]
[EventType "swiss"]
[EventRounds "11"]
[EventCountry "ENG"]
[Source "lmi"]
[SourceDate "2010.07.25"]

1. e4 c5 2. Nf3 Nc6 3. d4 cxd4 4. Nxd4 Nf6 5. Nc3 d6 6. Bg5 e6 7. Qd2 Be7 8.
O-O-O Nxd4 9. Qxd4 O-O 10. f3 a6 11. h4 b5 12. Kb1 Bb7 13. Qd2 Rc8 14. Bd3 Nd7
15. a3 Ne5 16. Bxe7 Qxe7 17. h5 h6 18. Be2 Rfd8 19. g4 d5 20. exd5 exd5 21. Qd4
Nc6 22. Qf4 b4 23. Bd3 bxc3 24. Qf5 Qf6 25. Qh7+ Kf8 26. Rde1 g5 27. hxg6 Qg7
28. Rxh6 fxg6 29. Re6 Rc7 30. Qxg6 Qxg6 31. Rexg6 Kf7 32. Rh7+ Kf8 33. Rf6+ Ke8
34. Bg6+ 1-0

[Event "British Chess Championship 2010"]
[Site "Canterbury ENG"]
[Date "2010.07.29"]
[Round "4.4"]
[White "Gormally, Daniel W"]
[Black "Rendle, Thomas E"]
[Result "1/2-1/2"]
[WhiteElo "2480"]
[BlackElo "2391"]
[PlyCount "67"]
[EventDate "2010.07.27"]
[EventType "swiss"]
[EventRounds "11"]
[EventCountry "ENG"]
[Source "lmi"]
[SourceDate "2010.07.25"]

1. d4 f5 2. Bg5 g6 3. Nd2 Bg7 4. e4 fxe4 5. Nxe4 d5 6. Ng3 Nh6 7. Nf3 Nf7 8.
Be3 Qd6 9. c3 Nc6 10. Be2 h5 11. Qd2 h4 12. Bf4 e5 13. dxe5 Nfxe5 14. Nf1 Nxf3+
15. Bxf3 Ne5 16. Bxd5 Bf5 17. Ne3 O-O-O 18. Nxf5 gxf5 19. O-O-O c6 20. Bb3 Nd3+
21. Qxd3 Qxf4+ 22. Qe3 Qxe3+ 23. fxe3 Bh6 24. Be6+ Kc7 25. Bxf5 Bxe3+ 26. Kc2
Bf4 27. Rdf1 Rd2+ 28. Kb3 Bd6 29. Be4 b5 30. Rf7+ Kb6 31. Rd7 Rf8 32. h3 Rff2
33. Rb1 a5 34. a3 1/2-1/2

[Event "British Chess Championship 2010"]
[Site "Canterbury ENG"]
[Date "2010.07.29"]
[Round "4.9"]
[White "Houska, Jovanka"]
[Black "Padilla Cabero, Pablo"]
[Result "1-0"]
[WhiteElo "2433"]
[BlackElo "2149"]
[PlyCount "39"]
[EventDate "2010.07.27"]
[EventType "swiss"]
[EventRounds "11"]
[EventCountry "ENG"]
[Source "lmi"]
[SourceDate "2010.07.25"]

1. d4 e5 2. dxe5 Nc6 3. Nf3 Nge7 4. Nc3 Ng6 5. e4 Bb4 6. Bg5 Bxc3+ 7. bxc3 Nce7
8. Bc4 O-O 9. h4 b5 10. Bxb5 c6 11. Bd3 d6 12. exd6 Qxd6 13. Bc4 Qa3 14. Bb3
Bg4 15. h5 Nh8 16. Qc1 Qc5 17. Qe3 Qa3 18. Ne5 Be6 19. Bxe6 fxe6 20. Nc4 1-0

[Event "British Chess Championship 2010"]
[Site "Canterbury ENG"]
[Date "2010.07.29"]
[Round "4.10"]
[White "Jaunooby, Ali R"]
[Black "Summerscale, Aaron P"]
[Result "1/2-1/2"]
[WhiteElo "2155"]
[BlackElo "2428"]
[PlyCount "50"]
[EventDate "2010.07.27"]
[EventType "swiss"]
[EventRounds "11"]
[EventCountry "ENG"]
[Source "lmi"]
[SourceDate "2010.07.25"]

1. d4 d5 2. Nf3 Nf6 3. Bg5 Ne4 4. Bh4 c5 5. c3 Nc6 6. e3 Qb6 7. Qb3 c4 8. Qxb6
axb6 9. Nbd2 Nxd2 10. Kxd2 b5 11. Bg3 e6 12. b4 f6 13. Be2 Bd7 14. Rhb1 Be7 15.
Bd1 Nd8 16. Bc2 Nf7 17. Kc1 O-O 18. Kb2 Nd6 19. Re1 Be8 20. Bxd6 Bxd6 21. e4
Bd7 22. Re2 Rf7 23. Rae1 Rd8 24. Ra1 Ra8 25. Rae1 Rd8 1/2-1/2

[Event "British Chess Championship 2010"]
[Site "Canterbury ENG"]
[Date "2010.07.29"]
[Round "4.11"]
[White "Galliano, Alexander"]
[Black "Littlewood, Paul E"]
[Result "0-1"]
[WhiteElo "2085"]
[BlackElo "2361"]
[PlyCount "44"]
[EventDate "2010.07.27"]
[EventType "swiss"]
[EventRounds "11"]
[EventCountry "ENG"]
[Source "lmi"]
[SourceDate "2010.07.25"]

1. e4 c5 2. c3 Nf6 3. e5 Nd5 4. d4 cxd4 5. Nf3 e6 6. cxd4 d6 7. Bc4 Nb6 8. Bd3
Nc6 9. O-O Nb4 10. Nc3 Nxd3 11. Qxd3 Be7 12. exd6 Qxd6 13. Nb5 Qd8 14. Bf4 Nd5
15. Qc4 O-O 16. Nc7 Nxf4 17. Nxa8 Bd6 18. Rac1 Bd7 19. Nc7 Bc6 20. Nb5 Bxf3 21.
Qb3 Bxg2 22. Nxd6 Qg5 0-1